| 000 | 00860nam a2200265Ia 4500 | ||
|---|---|---|---|
| 001 | Para_4146 | ||
| 003 | CHAP | ||
| 008 | 220125s1914 xx 000 0 und d | ||
| 010 | _a202706 | ||
| 040 | _cCHAP | ||
| 090 | _aPA FOLLETO 1780 | ||
| 100 |
_aPickett, B. S. _987978 |
||
| 245 |
_aThe blight of apples, pears and quinces / _c by B. S. Pickett |
||
| 260 |
_aUrbana, Illinois : _b Agricultural Experiment Station |
||
| 300 | _a10 p. | ||
| 440 |
_aIllinois Agri. Exp. Sta. Circular; 172 _9168036 |
||
| 650 |
_aTizón de fuego de la manzana Tizón de fuego de la pera Membrillo _x Enfermedades Manzana _x Enfermedades Pera _x Enfermedades _9168037 |
||
| 901 | _aPA FOLLETO 1780 | ||
| 902 | _aA | ||
| 905 | _a0000001914 URB 0000000000 00 | ||
| 910 | _a1914 | ||
| 942 | _cPARA | ||
| 942 |
_cPARA _d1 |
||
| 999 |
_c202706 _d202706 |
||